Statistiques concernant Quelle ville en Europe? - Choix multiple

Cliquez ici pour prendre le quiz!

Statistiques générales

  • Ce quiz a été pris 220 fois
  • Le résultat moyen est 9 sur 15

Statistiques - réponses

QuestionRéponse% Correct
Où la Mona Lisa est affichéeParis
91%
Lieu de l'OktoberfestMunich
89%
Situé le plus à l'ouestDublin
73%
Principale ville de SardaigneCagliari
72%
Localisation de la maison cachée d'Anne Frank pendant la Seconde Guerre mondialeAmsterdam
71%
N'est pas au bord d'un lacBerne
64%
Localisation du palais de Topkapıİstanbul
64%
Dans quelle ville les Jeux olympiques d'hiver ont-ils eu lieu le plus récemment?Turin
58%
Vous y dépensez des euros iciTallinn
55%
Principale ville des îles CanariesSanta Cruz de Tenerife
54%
A la plus grande population urbaineMilan
47%
Quelle ville est la plus proche d'une autre capitale?Bratislava
45%
La capitale et la plus grande ville de RhodesRhodes
44%
Maison natale de Gustave EiffelDijon
30%
La ville du nord la plus éloignée?Stockholm
28%

Distribution des résultats

Percentile par nombre de réponses

% des personnes avec chaque résultat

Votre développement - résultats

Vous n’avez pas pris ce quiz